000 01724nam a2200373 c 4500
999 _c57634
_d57634
003 BLK
005 20220627141340.0
008 180408b bul|||||r ||||||| ||bul||
010 _aKNG00061640000
040 _aBLK
041 _aBUL
_cBUL
080 _aПодобряване на растенията. Приложна генетика. Селекция
_b631.52
_z631.52
100 1 _aСтоилов, Манол
_eпърви автор
_9274914
139 _aСтоилов, Манол и др.
_bС 79
245 1 0 _aИзползуване на йонизиращите лъчения в генетиката и селекцията на растенията
_bИзследване
_cМанол Стоилов; съавт. Костадин Филев; отг. ред. Генчо Генчев.
257 _aBGR
260 _bБАН
_c1971
300 _a152 с.
_c22 см
380 _a63
500 _aБиблиогр. с. 141-149.
650 4 _aЙонизиращи излъчвания - приложение в растениевъдството
_9287748
650 4 _aСелскостопански култури - генетика и селекция
_9286925
653 _aйонизиращи излъчвания
653 _aселско стопанство
700 1 _aФилев, Костадин
_eсъавт.
_9287746
700 1 _aГенчев, Генчо
_eотг. ред.
_9287747
852 _aЦб 60254
_bЦб
942 _cKNG
_n0
_s1